| 000 | 00476nam a2200181 4500 | ||
|---|---|---|---|
| 003 | LK-CoDNM | ||
| 005 | 20231121125048.0 | ||
| 008 | 231121b |||||||| |||| 00| 0 eng d | ||
| 020 | _a9789556609387 | ||
| 040 |
_aLK-CoDNM _dLK-CoDNM _eLK-CoDNM |
||
| 041 | _asin | ||
| 080 |
_ax8සි1 _bබුදුගු |
||
| 100 | _aNo Author | ||
| 245 | _aබුදුගුණාලංකාරය | ||
| 260 |
_aDankotuwa _bMalpiyali _c2020 |
||
| 300 | _a96p.21cm | ||
| 942 |
_n0 _cBK |
||
| 999 |
_c143469 _d143469 |
||